01494nam a2200265 a 4500001001000000003000400010005001700014008004100031040002500072049000600097082002900103100003000132245023400162246003300396260007700429300004700506500012100553600006000674650007400734910004400808942001400852952013500866952021001001999001701211000026731OSt20250411115407.0110324s1943 dr 000 0 spa d aDO-SdBNPbspacBNPHU a  4a923.17293053bT866h2 221 aXimpa, Luis Carlos97743800aÁlbum homenaje al generalísimo Doctor Rafael Leónidas Trujillo Molina, benefactor de la patria y presidente de la República :bcon motivo de su exaltación a la más alta magistratura del Estado /cLuis García Xiampa 13aÁlbum homenaje a Trujillo  aCiudad Trujillo, República Dominicana :bEdiciones Ximpa-Campa,c1943. a[265] p. :bils., fots., retrs. ;c47 cm. a"Ideado por el pintor y dibujante Luis García Ximpa, bajo cuya dirección se ha realizado la presente edición. 14aTrujillo Molina, Raael Leonidasd1891-1961x y 977435 4aDiscuros presidenciales xHistoria yEra de Trujillo 1930-1961977437 aVMateo/Validado. Control de calidad MFF 2ddccLBS1 00102ddc51718PDaBNPHUbPDcHDd2011-03-24i l0oBNPHU PD RV 923.17293053 T866h 1943p26731-10r2020-06-25w2020-06-25yLFPD 00102ddc51728PDaBNPHUbPDcHDd2013-06-11eMartínez Boogi l0oBNPHU PD RV 923.17293053 T866h 1943p26731-20r2020-06-25te. 2w2020-06-25yLFPDzPertenece a la colección Martínez Boog c26223d26223